Trendy a trhy.

Trh práce a nezamestnanosť. Vývoj hlavných ekonomických sociálnych ukazovateľov v ČR 1990 - štvrťrok 1993. Štatistické údaje. Zamestnanosť. Miera nezamestnanosti dosahuje od začiatku reformy extrémne nízke hodnoty. Vývoj kurzu Kč voči hlavným svetovým menám.

Gespeichert in:
Bibliographische Detailangaben
Format: Buchkapitel
Sprache:Tschechisch
Schlagworte:
Tags: Tag hinzufügen
Keine Tags, Fügen Sie das erste Tag hinzu!

MARC

LEADER 00000naa a2200000 4500
001 r013575
005 20221205075719.6
041 0 |a cze 
044 |a CZ 
245 1 0 |a Trendy a trhy. 
520 |a Trh práce a nezamestnanosť. Vývoj hlavných ekonomických sociálnych ukazovateľov v ČR 1990 - štvrťrok 1993. Štatistické údaje. Zamestnanosť. Miera nezamestnanosti dosahuje od začiatku reformy extrémne nízke hodnoty. Vývoj kurzu Kč voči hlavným svetovým menám. 
610 2 0 |a trh práce 
610 2 0 |a nezamestnanosť 
610 2 0 |a zamestnanosť 
610 2 0 |a údaje štatistické 
610 2 0 |a Čechy 
610 2 0 |a 1990-1993 
610 2 0 |a ukazovatele sociálne 
610 2 0 |a ukazovatele ekonomické 
610 2 0 |a kurz menový 
610 2 0 |a koruna